| 000 | 00520nam a2200193Ia 4500 | ||
|---|---|---|---|
| 005 | 20140403134328.0 | ||
| 008 | 140130s9999 xx 000 0 und d | ||
| 020 | _a9780439833080 | ||
| 050 |
_aPZ 7 _b.F96624Gh 2006 |
||
| 100 |
_aFunke, Cornelia _924457 |
||
| 245 |
_cCornelia Funke. _aGhosthunters and the incredibly Revolting ghost / |
||
| 260 |
_bScholastic, _aUSA : _c2006. |
||
| 300 |
_a135 p. : _bill. ; _c19 cm. |
||
| 440 |
_v1 _931174 |
||
| 521 | _aG5 | ||
| 526 | _c760 | ||
| 942 |
_cBK _2lcc |
||
| 999 |
_c41099 _d41099 |
||